000 00213nam a2200097Ia 4500
008 190216s9999||||xx |||||||||||||| ||und||
100 _aSankara Pillai G
245 0 _aReksha Purushan
260 _bNull
942 _cBK
999 _c24701
_d24701